00773nam a22002057a 4500008004100000020001500041020001800056040007000074041000800144100001900152245007800171250001100249260006800260300004900328504006400377650003500441650003200476650004100508700001800549130821s2011 enka gr eng  a0199579601 a9780199579600 aCO-BoUCMbspacAngélica Rojas (modificó)dAldemar Mondragón00aeng1 aWetherly, Paul14aThe business environment themes and issuescPaul Wetherly y Dorron Otter a2nd ed aOxford (Oxfordshire, Inglaterra)bOxford University Pressc2011 axxxiii, 482 páginasbilustraciones a color aIncluye referencias bibliográficas e índices y glosario 7aEmpresasxAspectos ambientales 7aEmpresasxAspectos sociales 7aEmpresasxInnovacines tecnológicas1 aOtter, Dorron